Rock Type Pokemon - Statistics

General Stats
  • This quiz has been taken 1,334 times
    732 since last reset
  • The average score is 46 of 65
Answer Stats
Region Pokemon % Correct
Kanto Geodude
99%
Graveler
98%
Golem
97%
Onix
95%
Kabuto
91%
Kabutops
91%
Aerodactyl
90%
Omanyte
90%
Omastar
90%
Rhydon
85%
Rhyhorn
85%
Sinnoh Cranidos
79%
Gigalith
79%
Unova Roggenrola
79%
Boldore
78%
Cradily
78%
Rampardos
78%
Rhyperior
78%
Anorith
77%
Armaldo
77%
Lileep
77%
Tyrunt
77%
Bastiodon
76%
Hoenn Nosepass
76%
Shieldon
76%
Larvitar
75%
Pupitar
75%
Tyranitar
75%
Tyrantrum
75%
Probopass
73%
Regirock
73%
Aggron
72%
Amaura
72%
Archen
72%
Archeops
72%
Aron
72%
Aurorus
71%
Lairon
71%
Lycanroc
70%
Carracosta
69%
Alola Rockruff
69%
Tirtouga
67%
Johto Sudowoodo
66%
Coalossal
63%
Lunatone
63%
Shuckle
63%
Solrock
63%
Relicanth
62%
Rolycoly
62%
Terrakion
61%
Carbink
60%
Crustle
60%
Carkol
59%
Bonsly
58%
Diancie
58%
Dwebble
58%
Magcargo
58%
Corsola
54%
Kalos Binacle
50%
Barbaracle
49%
Stakataka
49%
Nihilego
47%
Minior
46%
Stonjourner
44%
Galar Drednaw
37%
No matching quizzes found
Score Distribution
Percent of People with Each Score
Percentile by Number Answered
Your Score History
You have not taken this quiz since the last reset